[Event "Reykjavik Open 2015"]
[Site "Reykjavik ISL"]
[Date "2015.03.13"]
[Round "5.69"]
[White "Haessel, Dale R."]
[Black "Petersson, Baldur Teodor"]
[Result "1-0"]
[WhiteTitle "FM"]
[WhiteElo "2174"]
[BlackElo "1951"]
[WhiteFideId "2012618"]
[BlackFideId "2309157"]
[EventDate "2015.03.10"]

1. d4 d5 2. c4 c6 3. Nf3 Nf6 4. e3 a6 5. Nc3 b5 6. b3 Bg4 7. Be2 e6 8. h3 Bh5 9.
Bb2 Nbd7 10. O-O Rc8 11. g4 Bg6 12. Nh4 Ne4 13. Nxg6 Nxc3 14. Bxc3 hxg6 15. Kg2
Qh4 16. Rh1 Bd6 17. Rc1 Ke7 18. Be1 g5 19. f3 Qh6 20. Bf2 Rcf8 21. cxb5 cxb5 22.
Rc6 Nb8 23. Rc2 f5 24. gxf5 exf5 25. Qe1 Qf6 26. a4 g4 27. fxg4 fxg4 28. Bxg4
Qg6 29. Bh4+ Kf7 30. Rf1+ Kg8 31. Rxf8+ Bxf8 32. Rc8 Nd7 33. Kh2 Nf6 34. Be6+
Kh7 35. Qg3 Qh5 36. Bxf6 Bd6 37. Be5 1-0

[Event "Reykjavik Open 2015"]
[Site "Reykjavik ISL"]
[Date "2015.03.13"]
[Round "5.70"]
[White "Loftsson, Hrafn"]
[Black "Korning, Peter"]
[Result "1/2-1/2"]
[WhiteElo "2171"]
[BlackElo "1944"]
[WhiteFideId "2300729"]
[BlackFideId "1723332"]
[EventDate "2015.03.10"]

1. Nf3 d5 2. d4 c5 3. c4 e6 4. cxd5 exd5 5. Nc3 Nc6 6. g3 Nf6 7. Bg2 Be7 8. O-O
O-O 9. dxc5 Bxc5 10. a3 Ne4 11. Na4 Be7 12. Be3 Bf6 13. Nd4 Ne5 14. h3 Nc4 15.
Bc1 Re8 16. Nc3 Nxc3 17. bxc3 Qa5 18. Qd3 Bd7 19. Bf4 Rac8 20. Rfc1 Nb2 21. Qd2
Nc4 22. Qd3 Nb2 23. Qd2 Na4 24. Nb3 Qb5 25. Nd4 Bxd4 26. Qxd4 Nb6 27. Bf1 Re4
28. Qd3 Qa5 29. Be3 Rec4 30. Bd4 Na4 31. Rab1 b6 32. Rb4 Nc5 33. Qb1 Qxa3 34. e3
Rxb4 35. cxb4 Ne6 36. Rxc8+ Bxc8 37. Be5 Qa4 38. Bg2 Qd7 39. Qa2 Ng5 40. h4 Ne4 1/2-1/2

[Event "Reykjavik Open 2015"]
[Site "Reykjavik ISL"]
[Date "2015.03.13"]
[Round "5.71"]
[White "Einarsson, Halldor Gretar"]
[Black "Fivelstad, Jon Olav"]
[Result "1-0"]
[WhiteTitle "FM"]
[WhiteElo "2166"]
[BlackElo "1929"]
[WhiteFideId "2300150"]
[BlackFideId "1510339"]
[EventDate "2015.03.10"]

1. d4 Nf6 2. c4 g6 3. Nc3 Bg7 4. e4 d6 5. f3 O-O 6. Be3 c6 7. Qd2 a6 8. Bd3 Qc7
9. Nge2 b5 10. b3 Nbd7 11. Rc1 b4 12. Na4 a5 13. c5 Rd8 14. O-O Ba6 15. Rc2 dxc5
16. Nxc5 Nxc5 17. Rxc5 Nd7 18. Rc2 Qd6 19. Rfc1 c5 20. Bxa6 Rxa6 21. dxc5 Qxd2
22. Rxd2 1-0

[Event "Reykjavik Open 2015"]
[Site "Reykjavik ISL"]
[Date "2015.03.13"]
[Round "5.72"]
[White "Densing, Gerd"]
[Black "Brzezinski, Adam"]
[Result "1/2-1/2"]
[WhiteElo "1903"]
[BlackElo "2150"]
[WhiteFideId "24621013"]
[BlackFideId "1710460"]
[EventDate "2015.03.10"]

1. d4 Nf6 2. Nf3 e6 3. e3 b6 4. Bd3 Bb7 5. O-O d5 6. b3 Bd6 7. Bb2 O-O 8. Nbd2
Nbd7 9. Ne5 Bxe5 10. dxe5 Ne4 11. Bxe4 dxe4 12. c4 Qg5 13. Qc2 Nxe5 14. Bxe5
Qxe5 15. b4 Rfd8 16. Rfd1 Rd3 17. Rac1 Rad8 18. Nb3 Qg5 19. g3 Qg4 20. Re1 e5
21. c5 Bd5 22. cxb6 cxb6 23. Qc7 Bxb3 24. axb3 Qf5 25. Qxa7 Rd2 26. Rf1 h5 27.
h4 g5 28. Qe7 gxh4 29. Qxh4 R8d6 30. Rc4 Rf6 31. Qxe4 Rxf2 32. Qxf5 R2xf5 33.
Rxf5 Rxf5 34. Kg2 Kg7 35. Rc6 Rf6 36. b5 Kg6 37. Kh3 Kg5 38. e4 Rg6 39. Rc7 Rf6
40. Rc6 Rf3 41. Rc8 Rxb3 42. Rg8+ Kf6 43. Kh4 Rxb5 44. Kxh5 Rb4 45. Rb8 Rb3 46.
Kg4 Ke6 47. Re8+ Kd6 48. Rf8 Re3 49. Rxf7 Rxe4+ 50. Kf3 Rb4 51. g4 Rb1 52. Ke4
Re1+ 53. Kd3 b5 54. g5 Rg1 55. Rg7 Kd5 56. Rd7+ Kc5 57. Rc7+ Kb4 58. Rg7 Rg4 59.
g6 Kb3 60. Rg8 Rd4+ 61. Ke3 b4 62. g7 Rd7 63. Ke4 Re7 64. Kf5 e4 65. Kf6 e3 66.
Kxe7 e2 67. Re8 e1=Q+ 68. Kf8 Qf2+ 69. Kg8 Kb2 70. Re6 b3 71. Kh7 Qf5+ 72. Rg6
Qf7 73. Rh6 Ka2 74. Kh8 b2 75. Ra6+ Kb3 76. g8=Q Qxg8+ 77. Kxg8 b1=Q 78. Rb6+
Kc2 79. Rxb1 Kxb1 1/2-1/2

[Event "Reykjavik Open 2015"]
[Site "Reykjavik ISL"]
[Date "2015.03.13"]
[Round "5.73"]
[White "Kolka, Dawid"]
[Black "Halldorsson, Jon Arni"]
[Result "0-1"]
[WhiteElo "1875"]
[BlackElo "2150"]
[WhiteFideId "2308010"]
[BlackFideId "2301075"]
[EventDate "2015.03.10"]

1. e4 e6 2. d4 d5 3. Nd2 Nf6 4. e5 Nfd7 5. c3 c5 6. f4 Nc6 7. Ndf3 Qb6 8. Ne2
Be7 9. g4 h5 10. g5 g6 11. Bh3 Kf8 12. Kf2 Kg7 13. Qd3 a5 14. a3 a4 15. Rb1 Qa6
16. Qc2 Nb6 17. Rd1 Bd7 18. Be3 cxd4 19. Nexd4 Nc4 20. Bf1 N6a5 21. Nd2 Rhc8 22.
Nxc4 Nxc4 23. Bxc4 Rxc4 24. h4 Rac8 25. Qe2 Bb5 26. Nxb5 Qxb5 27. Bd4 Bc5 28.
Ke3 Qb3 29. Rbc1 Bxd4+ 30. Rxd4 Rxd4 31. Kxd4 Rc4+ 0-1

[Event "Reykjavik Open 2015"]
[Site "Reykjavik ISL"]
[Date "2015.03.13"]
[Round "5.74"]
[White "Ingvason, Johann"]
[Black "Stefansson, Vignir Vatnar"]
[Result "1-0"]
[WhiteElo "2135"]
[BlackElo "1909"]
[WhiteFideId "2301431"]
[BlackFideId "2308649"]
[EventDate "2015.03.10"]

1. e4 c5 2. Nf3 e6 3. d4 cxd4 4. Nxd4 Nc6 5. Nc3 Qc7 6. Be2 a6 7. Be3 Nf6 8. O-O
Bb4 9. Na4 b5 10. Nxc6 Qxc6 11. Nb6 Rb8 12. e5 Ng8 13. Qd4 Ba5 14. Bf3 Qc7 15.
Na8 Qd8 16. Qa7 Rxa8 17. Qxa8 Bc7 18. Bb7 Bxb7 19. Qxb7 Bxe5 20. Qxa6 b4 21. Bc5
Qb8 22. f4 Bxb2 23. Rab1 Bc3 24. Rf3 Bd2 25. Bd6 Qd8 26. Rd3 Bc3 27. Rxc3 1-0

[Event "Reykjavik Open 2015"]
[Site "Reykjavik ISL"]
[Date "2015.03.13"]
[Round "5.75"]
[White "Gonzalez Pruneda, Arturo"]
[Black "Bjarnason, Vignir"]
[Result "1-0"]
[WhiteElo "2131"]
[BlackElo "1895"]
[WhiteFideId "2256860"]
[BlackFideId "2301504"]
[EventDate "2015.03.10"]

1. e4 e6 2. d4 d5 3. Nd2 Nf6 4. e5 Nfd7 5. Bd3 c5 6. c3 Nc6 7. Ne2 cxd4 8. cxd4
f6 9. exf6 Nxf6 10. Nf3 Bd6 11. O-O Qc7 12. Nc3 a6 13. Bg5 O-O 14. Bh4 b5 15.
Rc1 Qb6 16. Bg3 Bb8 17. Re1 h6 18. Bb1 Bd7 19. a3 Bxg3 20. hxg3 Rad8 21. Qd3 b4
22. Na4 Qb5 23. Nc5 Nb8 24. Qxb5 axb5 25. axb4 Rfe8 26. Bd3 Kf7 27. Ne5+ Kg8 28.
Nexd7 Nbxd7 29. Nxe6 Rb8 30. Nc7 Rec8 31. Nxb5 Rd8 32. Na7 Re8 33. Nc6 Rb6 34.
Rxe8+ Nxe8 35. Ne7+ Kf7 36. Nxd5 Rb8 37. Re1 Ndf6 38. Nxf6 Nxf6 39. Bc4+ Kf8 40.
b5 Ne8 41. Re6 Nc7 42. Re5 Rb6 43. Rc5 Ne8 44. Rc6 Rb8 45. b6 Ke7 46. Ba6 Kd7
47. d5 Nf6 48. b7 Re8 49. Rc8 Re1+ 50. Bf1 1-0

[Event "Reykjavik Open 2015"]
[Site "Reykjavik ISL"]
[Date "2015.03.13"]
[Round "5.76"]
[White "Heimisson, Hilmir Freyr"]
[Black "Gonzalez Gonzalez, Alfonso"]
[Result "1-0"]
[WhiteElo "1861"]
[BlackElo "2122"]
[WhiteFideId "2309998"]
[BlackFideId "2223007"]
[EventDate "2015.03.10"]

1. d4 Nf6 2. c4 e6 3. Nc3 Bb4 4. Qc2 O-O 5. Nf3 b6 6. e4 c5 7. e5 cxd4 8. Nxd4
Ne8 9. Bd3 f5 10. Be3 Bb7 11. O-O-O Na6 12. Nxe6 dxe6 13. Bxf5 Rxf5 14. Rxd8
Rxd8 15. Rd1 Rxd1+ 16. Qxd1 Bxc3 17. bxc3 Nec7 18. Qd6 Bxg2 19. a4 Bf1 20. Qd4
h6 21. a5 bxa5 22. c5 Bb5 23. c4 Be8 24. Qd6 Rf7 25. c6 Nb4 26. Bxa7 Bxc6 27.
Qd8+ Be8 28. Bb6 Rd7 29. Qc8 Nba6 30. Bxa5 Kh7 31. Kb2 Rf7 32. Bb6 Bc6 33. Qd8
Ne8 34. Qc8 Nac7 35. h4 Kg6 36. Kc3 Kh5 37. Qb8 Kxh4 38. Be3 Kh5 39. Qb1 g5 40.
Qd1+ Kg6 41. Qg1 Bf3 42. Qb1+ Rf5 43. Bb6 h5 44. Qd3 h4 45. Bxc7 Nxc7 46. Qd8
Rf7 47. Qg8+ Rg7 48. Qf8 Bg2 49. f4 h3 50. Qf6+ Kh7 51. fxg5 Be4 52. Qh6+ Kg8
53. Qxh3 Rxg5 54. Qh4 Rg7 55. Qxe4 Ne8 56. Kb4 Kf8 57. c5 Rd7 58. Qh4 Rd5 59.
Kb5 Kf7 60. Qh7+ Ng7 61. Qe4 Nf5 62. Kb6 Rd4 63. Qh1 Rb4+ 64. Kc7 Rc4 65. c6 Rc3
66. Qh5+ Kg7 67. Qg5+ Kh7 68. Kd7 Rd3+ 69. Kc8 Rd5 70. Qf6 Ng7 71. c7 Rc5 72.
Qf4 Kg8 73. Qd4 Rc1 74. Kd7 1-0

[Event "Reykjavik Open 2015"]
[Site "Reykjavik ISL"]
[Date "2015.03.13"]
[Round "5.77"]
[White "Arroyo Figuero, Fernando"]
[Black "Johannsson, Orn Leo"]
[Result "0-1"]
[WhiteElo "1835"]
[BlackElo "2107"]
[WhiteFideId "22218769"]
[BlackFideId "2303051"]
[EventDate "2015.03.10"]

1. e4 e6 2. d4 d5 3. exd5 exd5 4. Bd3 Bd6 5. Nf3 Ne7 6. O-O Nbc6 7. Re1 Bg4 8.
c3 Qd7 9. Be3 O-O-O 10. Na3 Ng6 11. Nb5 Bf4 12. a4 Rde8 13. Qc2 Bxe3 14. Rxe3 a6
15. Na3 Rxe3 16. fxe3 Qe7 17. Bf5+ Bxf5 18. Qxf5+ Qd7 19. Qxd7+ Kxd7 20. b4 f6
21. Nc2 Nce7 22. Re1 Nf5 23. e4 dxe4 24. Rxe4 Nd6 25. Re1 Nf4 26. Ne3 Re8 27.
Nd1 Ne4 28. Ne5+ fxe5 29. Rxe4 Ng6 30. Ne3 b5 31. axb5 axb5 32. Nf5 Re6 33. dxe5
Rc6 34. Re3 Ne7 35. Rd3+ Ke8 36. Nxg7+ Kf7 37. Nh5 Ke6 38. Nf6 Kxe5 39. Nxh7 Nd5
40. g4 Nxc3 41. g5 Ne2+ 42. Kf2 Nf4 43. Rb3 Kf5 44. h4 Rc2+ 45. Ke3 Rh2 46. Kd4
Ne6+ 47. Kd5 Rd2+ 48. Kc6 Nd4+ 49. Kxc7 Nxb3 50. h5 Rh2 51. h6 Kg6 52. Nf6 Kxg5 0-1

[Event "Reykjavik Open 2015"]
[Site "Reykjavik ISL"]
[Date "2015.03.13"]
[Round "5.78"]
[White "Gulbrandsen, Tor"]
[Black "Nordquelle, Daniel"]
[Result "1-0"]
[WhiteElo "2095"]
[BlackElo "1874"]
[WhiteFideId "1504142"]
[BlackFideId "1519042"]
[EventDate "2015.03.10"]

1. c4 f5 2. g3 g6 3. Bg2 Bg7 4. Nc3 Nf6 5. Nf3 O-O 6. O-O d6 7. d4 c6 8. Bd2 Qe8
9. Qc1 e5 10. dxe5 dxe5 11. e4 Nbd7 12. exf5 gxf5 13. Nh4 Nc5 14. Qc2 e4 15. Ne2
Nh5 16. Bb4 b6 17. Rad1 Bf6 18. Kh1 Qe7 19. Rg1 Kf7 20. Nd4 Bxh4 21. Qe2 Nf6 22.
gxh4 Qc7 23. Bh3 Qf4 24. Bd2 Qe5 25. Bc3 Qf4 26. Bd2 Qe5 27. Nf3 Qxb2 28. Ng5+
Ke7 29. Nxh7 Qe5 30. Nxf6 Kxf6 31. Qh5 Ke6 32. Rg6+ Rf6 33. Rxf6+ Kxf6 34. Bg5+
Kg7 35. Qh6+ Kf7 36. Qh5+ Kg7 37. Bh6+ Kf6 38. Bg5+ Kg7 39. Rd8 Qe6 40. Qh8+ 1-0

[Event "Reykjavik Open 2015"]
[Site "Reykjavik ISL"]
[Date "2015.03.13"]
[Round "5.79"]
[White "Thorhallsson, Gylfi"]
[Black "Opasiak, Dustin Tennessee"]
[Result "1-0"]
[WhiteElo "2084"]
[BlackElo "1781"]
[WhiteFideId "2300800"]
[BlackFideId "24630217"]
[EventDate "2015.03.10"]

1. e4 c6 2. d4 d5 3. Nc3 dxe4 4. Nxe4 Bf5 5. Ng3 Bg6 6. Nf3 Nd7 7. h4 h6 8. h5
Bh7 9. Bd3 Bxd3 10. Qxd3 e6 11. Bf4 Ngf6 12. O-O-O Be7 13. Kb1 O-O 14. Ne4 Nxe4
15. Qxe4 Nf6 16. Qe2 Qd5 17. Ne5 Qe4 18. Qd2 Nd5 19. g3 Bb4 20. Qd3 Qxd3 21.
Nxd3 Bc3 22. bxc3 Nxc3+ 23. Kc1 Nxd1 24. Rxd1 Rfd8 25. Be3 Rd5 26. g4 Rad8 27.
c4 R5d6 28. Kc2 b6 29. Kc3 Kh7 30. Ne5 Kg8 31. Rg1 f6 32. c5 fxe5 33. cxd6 exd4+
34. Kxd4 Rxd6+ 35. Ke5 Rd3 36. Kxe6 Ra3 37. Rd1 Rxa2 38. Rd8+ Kh7 39. Bd4 Ra4
40. Rd7 1-0

[Event "Reykjavik Open 2015"]
[Site "Reykjavik ISL"]
[Date "2015.03.13"]
[Round "5.80"]
[White "Jonsson, Pall G"]
[Black "Stray, Gunnar"]
[Result "1/2-1/2"]
[WhiteElo "1833"]
[BlackElo "2065"]
[WhiteFideId "2303205"]
[BlackFideId "1501631"]
[EventDate "2015.03.10"]

1. b4 d5 2. Bb2 Nf6 3. e3 Bf5 4. Nf3 h6 5. Be2 e6 6. b5 a6 7. a4 axb5 8. axb5
Rxa1 9. Bxa1 Nbd7 10. O-O Bd6 11. c4 dxc4 12. Bxc4 Nb6 13. Be2 O-O 14. Nc3 Qe7
15. Qb3 Rd8 16. d3 e5 17. Na4 Nfd7 18. Nxb6 Nxb6 19. Nd2 Nd7 20. Nc4 Nc5 21. Qc2
f6 22. Rd1 b6 23. Qb2 e4 24. Nxd6 Qxd6 25. d4 Be6 26. Qc2 Bb3 27. dxc5 Qxd1+ 28.
Bxd1 Rxd1+ 29. Qxd1 Bxd1 30. cxb6 cxb6 31. Bd4 Be2 32. Bxb6 Bxb5 1/2-1/2

[Event "Reykjavik Open 2015"]
[Site "Reykjavik ISL"]
[Date "2015.03.13"]
[Round "5.81"]
[White "Bergsson, Stefan"]
[Black "Borg, Flemming"]
[Result "1-0"]
[WhiteElo "2063"]
[BlackElo "1828"]
[WhiteFideId "2301393"]
[BlackFideId "1505823"]
[EventDate "2015.03.10"]

1. d4 d6 2. e4 Nf6 3. Nc3 e5 4. Nf3 exd4 5. Nxd4 Nc6 6. Be2 Nxd4 7. Qxd4 Be7 8.
h3 a6 9. a4 Bd7 10. a5 Bc6 11. Nd5 Qd7 12. O-O h6 13. Ra3 Bxd5 14. exd5 Qf5 15.
c4 Qe5 16. Qd1 Nd7 17. Re1 O-O-O 18. Bg4 Qf6 19. Rf3 1-0

[Event "Reykjavik Open 2015"]
[Site "Reykjavik ISL"]
[Date "2015.03.13"]
[Round "5.82"]
[White "De Winter, Eric"]
[Black "Eijk, Yuri"]
[Result "1/2-1/2"]
[WhiteElo "1776"]
[BlackElo "2062"]
[WhiteFideId "1033069"]
[BlackFideId "1017810"]
[EventDate "2015.03.10"]

1. d4 Nf6 2. c4 c5 3. Nf3 cxd4 4. Nxd4 Nc6 5. Nc3 g6 6. e4 Nxd4 7. Qxd4 Bg7 8.
e5 Ng8 9. f4 d6 10. Be3 Nh6 11. O-O-O Nf5 12. Qd2 Nxe3 13. Qxe3 O-O 14. Kb1 Qa5
15. Rd5 Qc7 16. Nb5 Qb8 17. exd6 exd6 18. Nxd6 Be6 19. Rd2 Rd8 20. Nb5 Rxd2 21.
Qxd2 a6 22. Nc3 Bxc3 23. bxc3 Qc7 24. Be2 Rd8 25. Qe3 Bxc4 26. Rd1 Rc8 27. Bxc4
Qxc4 28. Rd3 Qb5+ 29. Kc2 Qa4+ 30. Kb2 Re8 31. Qd2 Qb5+ 32. Kc1 Qb6 33. Rd4 Kg7
34. g3 Qb5 35. Rd3 Qc4 36. h3 Re6 37. Re3 Rc6 38. Kb2 Rb6+ 39. Ka1 Qb5 40. Re1
Qc5 41. Rd1 Rc6 42. Kb2 Rb6+ 43. Ka1 Rc6 1/2-1/2

[Event "Reykjavik Open 2015"]
[Site "Reykjavik ISL"]
[Date "2015.03.13"]
[Round "5.84"]
[White "Skovgaard, Tom"]
[Black "Kjartansson, Dagur"]
[Result "1/2-1/2"]
[WhiteElo "2042"]
[BlackElo "1756"]
[WhiteFideId "1406337"]
[BlackFideId "2303299"]
[EventDate "2015.03.10"]

1. e4 c5 2. Nf3 Nc6 3. Bb5 e6 4. O-O Nf6 5. Re1 Be7 6. c3 O-O 7. d4 d5 8. exd5
exd5 9. h3 a6 10. Bf1 c4 11. Bg5 h6 12. Bxf6 Bxf6 13. Na3 Bf5 14. Nc2 Bxc2 15.
Qxc2 Qd6 16. g3 Rfe8 17. Re2 b5 18. Rae1 Re7 19. Rxe7 Bxe7 20. Bg2 Bf6 21. Nh2
Rd8 22. Ng4 Ne7 23. Ne3 a5 24. Kf1 g6 25. Ng4 Bg7 26. Qd2 Nf5 27. Ne3 Ne7 28.
Qe2 Kf8 29. a3 Qe6 30. Qf3 Qf6 31. Qxf6 Bxf6 32. Ke2 Rd6 33. Kd2 Bg5 34. f4 Bf6
35. Kc2 a4 36. Kd2 Bg7 37. Re2 f6 38. Ke1 Kf7 39. Kf2 g5 40. f5 Kf8 41. Bf3 Kf7
42. Kg2 Kf8 43. Bh5 Rd8 44. Nc2 Nxf5 45. Re6 Ne7 46. Rb6 Nc8 47. Rxb5 Ke7 48.
Rb7+ Rd7 49. Rxd7+ Kxd7 50. Bg4+ Kc7 51. Bxc8 Kxc8 52. Ne3 Kd7 53. Nxd5 Kc6 54.
Ne3 Kb5 55. Kf3 Bf8 56. g4 Bd6 57. Ke4 Bf4 58. Kf3 Bd6 59. Ke4 Bf4 60. Nf5 Kc6
61. Ne3 Kb5 62. Kf3 Bd6 63. Ng2 Kc6 64. Ke4 Bg3 65. Kf5 Bc7 66. Ne3 Bf4 67. Ke4 1/2-1/2

[Event "Reykjavik Open 2015"]
[Site "Reykjavik ISL"]
[Date "2015.03.13"]
[Round "5.85"]
[White "Chan, James"]
[Black "Palmeri, Ralph P"]
[Result "1-0"]
[WhiteElo "2038"]
[BlackElo "1642"]
[WhiteFideId "2605775"]
[BlackFideId "2057417"]
[EventDate "2015.03.10"]

1. e4 c5 2. Nf3 Nc6 3. d4 cxd4 4. Nxd4 Nf6 5. Nc3 a6 6. Bc4 e6 7. O-O Be7 8. a4
O-O 9. Nb3 b6 10. f4 d6 11. Qe2 Qc7 12. Kh1 Bb7 13. Be3 Rfc8 14. Nd2 Nb4 15. Bb3
Nd7 16. f5 e5 17. Qh5 Rf8 18. Rf3 Nf6 19. Qh3 Nc6 20. Rg3 Ne8 21. Nd5 Qd8 22.
Bxb6 Qd7 23. Be3 Bd8 24. Bh6 Kh8 25. f6 Qxh3 26. Bxg7+ Nxg7 27. fxg7+ Kg8 28.
gxf8=Q+ Kxf8 29. gxh3 Nd4 30. Rag1 Bxd5 31. Bxd5 Ke7 32. Rf1 Ne6 33. Bxe6 1-0

[Event "Reykjavik Open 2015"]
[Site "Reykjavik ISL"]
[Date "2015.03.13"]
[Round "5.86"]
[White "Moller, Agnar T"]
[Black "Foisor, Sabina-Francesca"]
[Result "1-0"]
[BlackTitle "WGM"]
[WhiteElo "1806"]
[BlackElo "2279"]
[WhiteFideId "2303469"]
[BlackFideId "1212915"]
[EventDate "2015.03.10"]

1. Nf3 g6 2. e4 c6 3. d4 d5 4. e5 f6 5. Bd3 Bg7 6. O-O Bg4 7. exf6 Nxf6 8. Re1
O-O 9. Nbd2 c5 10. c3 c4 11. Be2 Nc6 12. h3 Bf5 13. Nf1 Qd6 14. Ng3 Nd7 15. b3
cxb3 16. Qxb3 Nb6 17. a4 Qd7 18. a5 Nc8 19. Bb2 e6 20. a6 Rb8 21. Ba3 bxa6 22.
Qa4 Rd8 23. Nxf5 exf5 24. Bxa6 Nd6 25. Bxd6 Qxd6 26. Bb5 Ne7 27. Re2 Bf8 28.
Rae1 Qb6 29. Bd7 Nc8 30. c4 dxc4 31. Qxc4+ Kh8 32. Qa4 Nd6 33. Ng5 Qb4 34. Qc6
Rb6 35. Qc7 Rdb8 36. Bc6 R6b7 37. Bxb7 Qxb7 38. Qxb7 Rxb7 39. Ne6 Bh6 40. Rc2
Kg8 41. Rc7 Rxc7 42. Nxc7 Kf7 43. Ra1 Bg7 44. Ra4 h5 45. f3 f4 46. d5 Nf5 47.
Ne6 Be5 48. Rxa7+ Kf6 49. Ra6 Ke7 50. Ra4 g5 51. Nxg5 Ne3 52. Re4 Kf6 53. d6
Bxd6 54. Re6+ Kxg5 55. Rxd6 Kh4 56. Kf2 Nf5 57. Rg6 Ne7 58. Re6 Nf5 59. Re4 Kg5
60. Re5 Kf6 61. Rxf5+ Kxf5 62. g3 fxg3+ 63. Kxg3 Kg5 64. f4+ Kf6 65. Kf3 Ke6 66.
Ke4 Kf6 67. h4 Ke6 68. f5+ Kf7 69. Ke5 Ke7 70. f6+ Kf8 71. Kf5 Kf7 72. Kg5 Kg8
73. Kxh5 Kh7 74. Kg5 Kh8 75. Kg6 Kg8 76. f7+ Kf8 77. h5 1-0

[Event "Reykjavik Open 2015"]
[Site "Reykjavik ISL"]
[Date "2015.03.13"]
[Round "5.87"]
[White "Bjerke, Richard"]
[Black "Roser, Ludwig"]
[Result "1-0"]
[WhiteTitle "FM"]
[WhiteElo "2180"]
[BlackElo "1802"]
[WhiteFideId "1500252"]
[BlackFideId "12928119"]
[EventDate "2015.03.10"]

1. e4 d6 2. d4 Nf6 3. Nc3 e5 4. Nf3 Nbd7 5. Bc4 Be7 6. O-O O-O 7. a4 exd4 8.
Nxd4 Nc5 9. Re1 a5 10. h3 Re8 11. f4 Bf8 12. e5 d5 13. Ba2 Nfe4 14. Nxe4 Nxe4
15. Be3 c6 16. Nf3 Be7 17. Qe2 Ng3 18. Qd1 Ne4 19. c4 Bb4 20. Re2 Ng3 21. Rf2
Ne4 22. Rc2 dxc4 23. Bxc4 Qe7 24. Qd3 Ng3 25. Qb3 Bf5 26. Rf2 Be6 27. Bxe6 Qxe6
28. Qxe6 fxe6 29. Bb6 Ra6 30. Kh2 Rxb6 31. Kxg3 Rd8 32. Rff1 Be7 33. Rad1 Rxd1
34. Rxd1 Rxb2 35. Rd7 Kf8 36. Nd4 Kf7 37. Kf3 Ke8 38. Rc7 Kf7 39. f5 g6 40. f6
Rb4 41. Rxe7+ Kg8 42. Nxe6 Rb5 43. f7+ 1-0

[Event "Reykjavik Open 2015"]
[Site "Reykjavik ISL"]
[Date "2015.03.13"]
[Round "5.88"]
[White "Sibiya, Ruddy T"]
[Black "Runarsson, Gunnar"]
[Result "1-0"]
[WhiteElo "1784"]
[BlackElo "2049"]
[WhiteFideId "14308711"]
[BlackFideId "2301768"]
[EventDate "2015.03.10"]

1. c4 Nf6 2. Nc3 c5 3. e4 d6 4. g3 g6 5. Bg2 Bg7 6. Nge2 Nc6 7. d3 O-O 8. O-O a6
9. a4 Rb8 10. h3 b6 11. Be3 Bb7 12. f4 e5 13. f5 Nd4 14. g4 Nd7 15. Ng3 Bc6 16.
g5 b5 17. axb5 axb5 18. f6 Bh8 19. Nd5 Bxd5 20. cxd5 Qb6 21. Nh1 b4 22. b3 Ra8
23. Rb1 Ra2 24. Rf2 Rfa8 25. h4 R8a3 26. Bh3 Qa7 27. Rxa2 Rxa2 28. Bxd4 cxd4 29.
Bxd7 Qxd7 30. Nf2 h6 31. Rc1 h5 32. Rc2 Ra8 33. Qc1 Qd8 34. Rc7 Bxf6 35. gxf6
Qxf6 36. Rc8+ Rxc8 37. Qxc8+ Kg7 38. Qb8 Qxh4 39. Qxb4 Qg5+ 40. Kf1 Qc1+ 41. Qe1
Qb2 42. b4 f6 43. Nd1 Qb1 44. Qd2 h4 45. Kg2 g5 46. Nf2 Qa1 47. b5 Qb1 48. Qa5
g4 49. Qc7+ Kg6 50. Qd7 g3 51. Qf5+ Kg7 52. Ng4 Qxd3 53. Qxf6+ Kg8 54. Qg6+ Kh8
55. Nf6 h3+ 56. Kxh3 g2+ 57. Kh4 Qg3+ 58. Qxg3 g1=Q 59. Qxg1 1-0

[Event "Reykjavik Open 2015"]
[Site "Reykjavik ISL"]
[Date "2015.03.13"]
[Round "5.89"]
[White "Benet Morant, Damia"]
[Black "Hojgaard, Brandur"]
[Result "1-0"]
[WhiteElo "2044"]
[BlackElo "1787"]
[WhiteFideId "2291959"]
[BlackFideId "7201478"]
[EventDate "2015.03.10"]

1. Nf3 d5 2. d4 Nf6 3. c4 e6 4. g3 c6 5. Qc2 Nbd7 6. Bg2 Bb4+ 7. Bd2 Bxd2+ 8.
Nbxd2 O-O 9. O-O Re8 10. Rfd1 b6 11. e4 dxe4 12. Nxe4 Nxe4 13. Qxe4 Bb7 14. b4
Qc7 15. Ne5 Nxe5 16. dxe5 Rab8 17. c5 a5 18. a3 axb4 19. axb4 bxc5 20. bxc5 Ra8
21. Rab1 f6 22. Rd6 fxe5 23. Qxe5 Qf7 24. Bh3 Bc8 25. Rxc6 Qf3 26. Rc7 Qf6 27.
f4 Qg6 28. Re1 Qf6 29. Qe4 Ra2 30. Rxc8 1-0

[Event "Reykjavik Open 2015"]
[Site "Reykjavik ISL"]
[Date "2015.03.13"]
[Round "5.90"]
[White "Lunn, Matthew"]
[Black "Edvardsen, Oystein"]
[Result "1-0"]
[WhiteElo "2034"]
[BlackElo "1662"]
[WhiteFideId "405485"]
[BlackFideId "1508776"]
[EventDate "2015.03.10"]

1. d4 f5 2. g3 Nf6 3. Bg2 g6 4. Nf3 Bg7 5. O-O O-O 6. b3 d6 7. Bb2 h6 8. Nbd2 g5
9. c4 Qe8 10. d5 c6 11. Nd4 Ng4 12. Qc2 f4 13. h3 Ne5 14. N2f3 g4 15. Nxe5 dxe5
16. Ne6 Bxe6 17. dxe6 f3 18. Bh1 h5 19. exf3 gxf3 20. Rae1 c5 21. Bxe5 Nc6 22.
Bxg7 Kxg7 23. Re3 Nd4 24. Qe4 Qc6 25. Qxc6 bxc6 26. Re5 h4 27. Rxc5 Rf6 28. Rg5+
Kh6 29. Rg4 Ne2+ 30. Kh2 hxg3+ 31. fxg3 Raf8 32. Rh4+ Kg5 33. Rg4+ Kh6 34. Re4
Nc3 35. Re3 Nxa2 36. Rexf3 Rxf3 37. Rxf3 Rb8 38. Rf7 Rxb3 39. Bxc6 Nb4 40. Be4
Re3 41. Bf5 Nd3 42. h4 Re2+ 43. Kg1 Re1+ 44. Kg2 1-0

[Event "Reykjavik Open 2015"]
[Site "Reykjavik ISL"]
[Date "2015.03.13"]
[Round "5.91"]
[White "Lee, Gudmundur Kristinn"]
[Black "Jonsson, Gauti Pall"]
[Result "1/2-1/2"]
[WhiteElo "1676"]
[BlackElo "1968"]
[WhiteFideId "2303361"]
[BlackFideId "2309092"]
[EventDate "2015.03.10"]

1. e4 c5 2. Nf3 e6 3. c3 d5 4. Bb5+ Bd7 5. Qa4 Nc6 6. exd5 exd5 7. O-O a6 8.
Re1+ Be7 9. Bxc6 Bxc6 10. Qg4 g6 11. d4 Nf6 12. Qg3 Ne4 13. Qf4 O-O 14. Nbd2 f5
15. Qh6 f4 16. h4 Rf5 17. Nxe4 Bf8 18. Qxf8+ Rxf8 19. Nxc5 Qf6 20. Re6 Qg7 21.
Re5 Rae8 22. Ne6 Qxe5 23. Nxe5 Rxe6 24. Bd2 Kg7 25. f3 h6 26. Kf2 g5 27. Rh1 Be8
28. b3 Bg6 29. Re1 Rc8 30. Rh1 b5 31. Rc1 a5 32. a3 Re7 33. Re1 b4 34. axb4 axb4
35. c4 dxc4 36. Nxc4 Rxe1 37. Bxe1 Bf7 38. Bxb4 Bxc4 39. bxc4 Rxc4 40. Bd6 Rc2+
41. Kg1 Kg6 42. hxg5 hxg5 43. g3 Kf5 44. gxf4 gxf4 45. Kf1 Rd2 46. Be5 Rh2 47.
Kg1 Rh4 48. Kg2 Ke6 49. Kf2 Kd5 50. Bf6 Rh2+ 51. Ke1 Kc4 52. Bg5 Kxd4 53. Bxf4
Ra2 54. Kf1 Kd3 55. Ke1 Re2+ 56. Kf1 Ra2 57. Ke1 Ra4 58. Bg5 Kd4 59. Kf2 Ke5 60.
Kg3 Kf5 61. Bd2 1/2-1/2